Normal view
MARC view
- PATEL,CHINTAN
Entry Personal Name
001 - CONTROL NUMBER
- control field: 91546
003 - CONTROL NUMBER IDENTIFIER
- control field: NUST
005 - DATE AND TIME OF LATEST TRANSACTION
- control field: 20220513121112.0
008 - FIXED-LENGTH DATA ELEMENTS
- fixed length control field: 220513|| aca||aabn | a|a d
040 ## - CATALOGING SOURCE
- Original cataloging agency: NUST
- Transcribing agency: NUST
100 ## - HEADING--PERSONAL NAME
- Personal name: PATEL,CHINTAN
670 ## - SOURCE DATA FOUND
- Source citation: Work cat.: (NUST): PATEL,CHINTAN., INTERNET OF THINGS SECURITY CHALLENGES ADVANCES AND ANALYTICS /, 2019.
